000 00385nam a22001577a 4500
003 OSt
005 20240213154304.0
008 190911b xxu||||| |||| 00| 0 eng d
020 _a9781543342727
040 _cIIMT UNIVERSITY
100 _aDR BA.S.V.K
245 _aRESEARCH METHEDOLOGY & BIOSTATISTICS
260 _aNEW DELHI
_bPEE VEE PUB
_c2018
300 _a264
942 _2ddc
_c01
999 _c49008
_d49008